00513nam a2200133Ia 4500082001200000100002200012245018000034260004100214300000900255650003500264700001700299700001600316710004700332 aRR 0249 aRajan, S. Irudaya 0aSurvey of elderly in India :ba study for assistance in the developmenzt of comprehensive national policies on ageing :life long preparatory measures including social security c1994bUnited Nations, ESCAP, Bangkok av.p. aAgedvGovernment policyzIndia aMishra, U.S. aSarma, P.S. aCentre for Development Studies, Trivandrum